000 01361nam0a2200337 i 4500
001 RU\NLR\BIBL_A\010355862
005 20241103051409.0
010 _a9785985400427
_9500
021 _aRU
_b2014-17744
_91117
035 _a(NILC)RuMoRGB-006757277
035 _a(NLR Aleph) 010355862
090 _a10762482
_c10762482
100 _a20140513d2014 km y0rusy50 ca
101 0 _arus
102 _aRU
105 _aa|||z|||000yy
200 1 _aСветодиоды в освещении
_eмонография
_fКлюшников С. В.
_gНегос. образоват. учреждение высш. проф. образования Моск. ин-т энергобезопасности и энергосбережения
210 _aМосква
_cМИЭЭ
_d2014
215 _a274 с.
_cил., табл.
_d21
300 _aНа обороте тит. л. авт.: Клюшников С.В., к.т.н.
320 _aБиблиогр.: с. 269-270 (22 назв.)
606 _aСветодиоды
_92105673
_3RU\NLR\AUTH\661273022
675 _a628.9.04:621.385
686 1 _aЗ854.22
700 1 _aКлюшников
_bС. В.
_gСергей Владимирович
801 0 _aRU
_bRuMoRKP
_c20140313
_gRCR
801 2 _aRU
_bРГБ
_c20140328
_grcr
942 _cBOOK
980 _aNBR